Exploring Islam beyond orientalism and occidentalism: sociological approaches
| Corporate Author: | |
|---|---|
| Contributors: | ; |
| Format: | Print Book |
| Language: | English |
| Subito Delivery Service: | Order now. |
| Check availability: | HBZ Gateway |
| WorldCat: | WorldCat |
| Interlibrary Loan: | Interlibrary Loan for the Fachinformationsdienste (Specialized Information Services in Germany) |
| Published: |
Wiesbaden
Springer VS
[2021]
|
| In: | Year: 2021 |
| Series/Journal: | Veröffentlichungen der Sektion Religionssoziologie der Deutschen Gesellschaft für Soziologie
|
| Standardized Subjects / Keyword chains: | B
Islam
/ Religious sociology
B Europe / Muslim / Religious sociology |
| RelBib Classification: | AD Sociology of religion; religious policy BJ Islam KBA Western Europe |
| Further subjects: | B
Collection of essays
|
| Online Access: |
Inhaltstext (Publisher) Table of Contents Blurb |
| Parallel Edition: | Electronic
|
MARC
| LEADER | 00000cam a2200000 c 4500 | ||
|---|---|---|---|
| 001 | 1745861408 | ||
| 003 | DE-627 | ||
| 005 | 20251226191430.0 | ||
| 007 | tu | ||
| 008 | 210127s2021 gw ||||| 00| ||eng c | ||
| 015 | |a 21,N04 |2 dnb | ||
| 016 | 7 | |a 1225571669 |2 DE-101 | |
| 020 | |a 9783658332389 |c (Festeinband : circa EUR 80.24 (DE) (freier Preis), circa EUR 82.49 (AT) (freier Preis), circa CHF 88.50 (freier Preis), circa EUR 74.99) |9 978-3-658-33238-9 | ||
| 020 | |a 3658332387 |9 3-658-33238-7 | ||
| 024 | 3 | |a 9783658332389 | |
| 028 | 5 | 2 | |a 978-3-658-33238-9 |
| 028 | 5 | 2 | |a 89013506 |
| 035 | |a (DE-627)1745861408 | ||
| 035 | |a (DE-599)DNB1225571669 | ||
| 035 | |a (OCoLC)1269298713 | ||
| 040 | |a DE-627 |b ger |c DE-627 |e rda | ||
| 041 | |a eng | ||
| 044 | |c XA-DE-HE | ||
| 072 | 7 | |a HR |2 bicssc | |
| 072 | 7 | |a SOC039000 |2 bisacsh | |
| 082 | 0 | |a 306.697 |q DE-101 | |
| 082 | 0 | 4 | |a 300 |a 290 |q DE-101 |
| 084 | |a 0 |2 ssgn | ||
| 084 | |a MS 6575 |2 rvk |0 (DE-625)rvk/123762: | ||
| 084 | |a BE 8660 |2 rvk |0 (DE-625)rvk/10808: | ||
| 084 | |a 11.05 |2 bkl | ||
| 084 | |a 11.84 |2 bkl | ||
| 245 | 0 | 0 | |a Exploring Islam beyond orientalism and occidentalism |b sociological approaches |c Christel Gärtner, Heidemarie Winkel, editors |
| 264 | 1 | |a Wiesbaden |b Springer VS |c [2021] | |
| 264 | 4 | |c © 2021 | |
| 300 | |a viii, 335 Seiten |c 21 cm x 14.8 cm | ||
| 336 | |a Text |b txt |2 rdacontent | ||
| 337 | |a ohne Hilfsmittel zu benutzen |b n |2 rdamedia | ||
| 338 | |a Band |b nc |2 rdacarrier | ||
| 490 | 0 | |a Veröffentlichungen der Sektion Religionssoziologie der Deutschen Gesellschaft für Soziologie | |
| 583 | 1 | |a Archivierung/Langzeitarchivierung gewährleistet |f FID |x XA-DE-BW |2 pdager |5 DE-21 | |
| 652 | |a AD:BJ:KBA | ||
| 655 | 7 | |a Aufsatzsammlung |0 (DE-588)4143413-4 |0 (DE-627)105605727 |0 (DE-576)209726091 |2 gnd-content | |
| 689 | 0 | 0 | |d s |0 (DE-588)4027743-4 |0 (DE-627)106283499 |0 (DE-576)20897220X |2 gnd |a Islam |
| 689 | 0 | 1 | |d s |0 (DE-588)4049420-2 |0 (DE-627)106187082 |0 (DE-576)209081988 |2 gnd |a Religionssoziologie |
| 689 | 0 | |5 DE-101 | |
| 689 | 1 | 0 | |d g |0 (DE-588)4015701-5 |0 (DE-627)104289007 |0 (DE-576)208913092 |2 gnd |a Europa |
| 689 | 1 | 1 | |d s |0 (DE-588)4040921-1 |0 (DE-627)106221205 |0 (DE-576)209042680 |2 gnd |a Muslim |
| 689 | 1 | 2 | |d s |0 (DE-588)4049420-2 |0 (DE-627)106187082 |0 (DE-576)209081988 |2 gnd |a Religionssoziologie |
| 689 | 1 | |5 DE-101 | |
| 700 | 1 | |e HerausgeberIn |0 (DE-588)122633717 |0 (DE-627)082059748 |0 (DE-576)293357412 |4 edt |a Gärtner, Christel |d 1958- | |
| 700 | 1 | |e HerausgeberIn |0 (DE-588)113868979 |0 (DE-627)478564074 |0 (DE-576)185831222 |4 edt |a Winkel, Heidemarie |d 1964- | |
| 710 | 2 | |e Verlag |0 (DE-588)1043386068 |0 (DE-627)770495842 |0 (DE-576)394755561 |4 pbl |a Springer Fachmedien Wiesbaden | |
| 776 | 1 | |o 10.1007/978-3-658-33239-6 | |
| 776 | 1 | |z 9783658332396 |c eBook | |
| 776 | 0 | 8 | |i Erscheint auch als |n Online-Ausgabe |t Exploring Islam beyond Orientalism and Occidentalism |b 1st ed. 2021. |d Wiesbaden : Springer Fachmedien Wiesbaden, 2021 |h 1 Online-Ressource(VIII, 335 p.) |w (DE-627)1761808001 |z 9783658332396 |k Electronic |
| 856 | 4 | 2 | |u https://swbplus.bsz-bw.de/bsz1745861408kla.htm |m V:DE-576 |m B:DE-21 |v 20220430193401 |3 Klappentext |7 1 |
| 856 | 4 | 2 | |u https://d-nb.info/1225571669/04 |m B:DE-101 |q application/pdf |v 2021-11-17 |x Verlag |3 Inhaltsverzeichnis |7 1 |
| 856 | 4 | 2 | |u http://deposit.dnb.de/cgi-bin/dokserv?id=fceb110fd02645d0a4fcf281562e90e1&prov=M&dok_var=1&dok_ext=htm |m X:MVB |q text/html |v 2021-01-27 |x Verlag |3 Inhaltstext |7 1 |
| 936 | r | v | |a MS 6575 |b Einzelne Religionen, Religionsbewegungen, Sekten |k Soziologie |k Spezielle Soziologien |k Religionssoziologie |k Einzelne Religionen, Religionsbewegungen, Sekten |0 (DE-627)1271441462 |0 (DE-625)rvk/123762: |0 (DE-576)201441462 |
| 936 | r | v | |a BE 8660 |b Einfluss des Islam auf Kultur, Politik, Wirtschaft und Gesellschaft |k Theologie und Religionswissenschaften |k Religionswissenschaft |k Religionsgeschichte |k Islam |k Einfluss des Islam auf Kultur, Politik, Wirtschaft und Gesellschaft |0 (DE-627)1270709208 |0 (DE-625)rvk/10808: |0 (DE-576)200709208 |
| 936 | b | k | |a 11.05 |j Religionssoziologie |0 (DE-627)106404202 |
| 936 | b | k | |a 11.84 |j Islam: Sonstiges |0 (DE-627)106404075 |
| 951 | |a BO | ||
| ACO | |a 1 | ||
| ELC | |b 1 | ||
| ITA | |a 1 |t 1 | ||
| LOK | |0 000 xxxxxcx a22 zn 4500 | ||
| LOK | |0 001 4113127689 | ||
| LOK | |0 003 DE-627 | ||
| LOK | |0 004 1745861408 | ||
| LOK | |0 005 20220427081319 | ||
| LOK | |0 008 220407||||||||||||||||ger||||||| | ||
| LOK | |0 040 |a DE-21 |c DE-627 |d DE-21 | ||
| LOK | |0 852 |a DE-21 | ||
| LOK | |0 852 1 |c 62 A 2169 |9 00 | ||
| LOK | |0 935 |a theo | ||
| LOK | |0 938 |a 2204 |f 1 | ||
| LOK | |0 939 |a 07-04-22 |b l01 | ||
| LOK | |0 000 xxxxxcx a22 zn 4500 | ||
| LOK | |0 001 414961170X | ||
| LOK | |0 003 DE-627 | ||
| LOK | |0 004 1745861408 | ||
| LOK | |0 005 20220614181005 | ||
| LOK | |0 008 220614||||||||||||||||ger||||||| | ||
| LOK | |0 040 |a DE-Tue135 |c DE-627 |d DE-Tue135 | ||
| LOK | |0 092 |o n | ||
| LOK | |0 852 |a DE-Tue135 | ||
| LOK | |0 852 1 |9 00 | ||
| LOK | |0 936ln |0 1442044691 |a KBA | ||
| LOK | |0 936ln |0 1442043539 |a BJ | ||
| LOK | |0 936ln |0 1442043016 |a AD | ||
| LOK | |0 939 |a 14-06-22 |b l01 | ||
| ORI | |a SA-MARC-ixtheoa001.raw | ||
| REL | |a 1 | ||
| STA | 0 | 0 | |a Europe,Europe,Europe,The West,Occident,Northeastern Europe,Islam,Islam,Muslim,Muslim,Mohammedan,Moslem,Religious sociology,Sociology of religion,Religion,Religion and sociology |
| STB | 0 | 0 | |a Europe,Islam,Islam,Musulman,Musulman,Sociologie des religions,Sociologie religieuse |
| STC | 0 | 0 | |a Europa,Islam,Islam,Musulmán,Musulmán,Sociología de la religión |
| STD | 0 | 0 | |a Europa,Islam,Islam,Musulmano,Musulmano,Sociologia della religione |
| STE | 0 | 0 | |a 伊斯兰教,伊斯兰教,回教,回教,宗教社会学,穆斯林,穆斯林 |
| STF | 0 | 0 | |a 伊斯蘭教,伊斯蘭教,回教,回教,宗教社會學,穆斯林,穆斯林 |
| STG | 0 | 0 | |a Europa,Islã,Islã,Muçulmano,Muçulmano,Sociologia da religião |
| STH | 0 | 0 | |a Европа (мотив),Ислам (мотив),Ислам,Мусульманин (мотив),Мусульманин,Социология религии |
| STI | 0 | 0 | |a Ευρώπη (μοτίβο),Ισλάμ (μοτίβο),Ισλάμ,Κοινωνιολογία της θρησκείας,Μουσουλμάνος (μοτίβο),Μουσουλμάνος |
| SUB | |a REL | ||
| SYG | 0 | 0 | |a Islam , Religion , Liberté,Europa III,Europe,Europäische Länder,Europäische Staaten , Abendland,Okzident , Muslimin,Muslime,Mohammedaner,Mohammedanerin,Moslem,Muselman,Muselmann,Moslemische Frau,Muslimische Frau,Muslima,Moslemin,Mosliminnen,Moslem,Mohammedaner,Muselman,Muselmann,Muslime , Religion |



